Les Kiribati pour les touristes... - Facile - Statistiques

Statistiques générales
  • Ce quiz a été pris 6 fois
  • Le résultat moyen est 6 sur 20
Statistiques - réponses
Question Indice Réponses Indice facile % Correct
Quelles sont les langues officielles ? Anglais
100%
Achats à faire 3/ Objets tissés en feuille de ... Palmier Arbre tropical
60%
Achats à faire 1/ Clichés Photos OSHTOP
60%
Combien d'heures (environ) mettrez-vous pour vous y rendre ? (en chiffres) 35
40%
La religion majoritaire est Catholicisme C
40%
La conduite se fait à droite ou à gauche ? Gauche
40%
Quelles sont les langues officielles ? Gilbertin G
40%
Le suffixe internet est ki
40%
Avez-vous besoin d'un visa ? (oui/non) Non
40%
Dans la capitale y-a-t-il un décalage horaire avec Paris ? (oui/non) Oui
40%
La vitesse est limitée hors des villes à {60} km/h
20%
Comment se nomme la principale compagnie aérienne locale AP Air Pacific CRACIIFPAI
20%
Quelle est la monnaie ? Dollar australien $
20%
Quels sont les principaux lieux touristiques ? T Ile de {Tarawa} AWRATA
20%
A quelle région appartient ce pays M Micronésie NECOIREISM
20%
Achats à faire 2/ Objets fabriqués à partir de coquillages, en... Nacre CRANE
20%
Le principal aéroport est T Tarawa
20%
Quels sont les principaux lieux touristiques ? C Ile {Christmas} Natividad
0%
Quels sont les principaux lieux touristiques ? T Ile de {Tabiteuea} AUBETTEAI
0%
Quel est le climat local ? TM Tropical marin
0%
Aucun quiz correspondant
Distribution des résultats
% des personnes avec chaque résultat
Percentile par nombre de réponses
Votre historique - résultats
Vous n’avez pas pris ce quiz